| 000 | 01466nam a2200337 c 4500 | ||
|---|---|---|---|
| 003 | BLK | ||
| 005 | 20180420224647.0 | ||
| 008 | 180408b bul|||||r ||||||| ||bul|| | ||
| 010 | _aKNG00086774000 | ||
| 040 | _aBLK | ||
| 041 |
_aBUL _cBUL |
||
| 080 |
_aОрганизация на обучението в средните училища. Подразделя се като 371 _b373.51 _x _z373.51 |
||
| 100 | 1 |
_aАндреев, Марин Лазаров _eпърви автор _9250125 |
|
| 139 |
_aАндреев, Марин Лазаров _bА 66 |
||
| 245 | 1 | 0 |
_aИнтегративни тенденции в обучението _bИзследване _cМарин Лазаров Андреев. |
| 257 | _aBGR | ||
| 260 |
_аСофия _bНар. просв. _c1986 _fХасково : Ат. Стратиев |
||
| 300 |
_a176 с. _c21 см |
||
| 380 | _a3 | ||
| 500 | _aБиблиогр. с.167-174. | ||
| 650 | 4 |
_aСредно образование - България _9284655 |
|
| 650 | 4 |
_aМетодика на преподаването - в училищата _9259947 |
|
| 653 | _aобразование | ||
| 653 | _aобразователна политика | ||
| 653 | _aметодика на преподаването | ||
| 852 | _aЦб 145506 | ||
| 856 | 4 |
_qpdf _u |
|
| 856 | 4 |
_qpdf _u |
|
| 942 |
_cKNG _n0 |
||
| 944 |
_aCR _c29.11.2011 _l29.11.2011 - от С1,Р / 29.11.2011 _kВиолета_Тройчева |
||
| 944 |
_aED _c29.11.2011 _l29.11.2011 - от С1,Р / 29.11.2011 _k |
||
| 999 |
_c82252 _d82252 |
||